| 000 | 00378cam a2200169ua 4500 | ||
|---|---|---|---|
| 020 | _c8.00 | ||
| 041 |
_aeng _h |
||
| 082 |
_a923.2 _bPAR/GO |
||
| 100 | _aParvathi, T.V . | ||
| 245 | _aGopal Krishna Gokhale | ||
| 260 |
_aAhmadabad : _bNavajivan publishing house , _c1959. |
||
| 300 | _a484 ; . | ||
| 365 | _a8.00 | ||
| 504 | _a | ||
| 942 | _cBK | ||
| 999 |
_c4338 _d4338 |
||